000 00635nam a2200229Ia 4500
003 OSt
005 20220927110501.0
006 a|||||r|||| 00| 0
007 ta
008 220926b |||||||| |||| 00| 0 eng d
024 _a75406
037 _cReports
040 _aRTL
_cRTL
_beng
041 _2eng
_aeng
082 _a"X652.73.N5, J7/GD"
245 0 _aUnited States Securities and Exchange
_bReport on co
260 _aWashington
_bGovernment Press U. S. A.
_c1957
300 _a74p.
_ccm.
650 _aSecurities
942 _h"X652.73.N5, J7/GD"
_cCC
999 _c696981
_d696981